| 000 | 00440nam a2200157 i 4500 | ||
|---|---|---|---|
| 001 | 59521 | ||
| 003 | ES-MaACL | ||
| 005 | 20230906164040.0 | ||
| 007 | t| | ||
| 008 | 031029s1973 sp ||||1| baq d | ||
| 100 | 1 |
_aEizmendi, Ignacio. _946880 |
|
| 245 | 1 | 0 |
_aSortu zaizkidanak / _cIñaki Eizmendi, Basarri [seud.]. |
| 260 |
_aTolosa [Guipúzcoa] : _bAuspoa, _c[1973] |
||
| 300 |
_a151 p. ; _c18 cm. |
||
| 852 |
_aES-MaACL _jC-50045 _bR.84774 |
||
| 999 |
_c59521 _d59521 |
||